000
00262nam a22001217a 4500
008
170707b xxu||||| |||| 00| 0 eng d
041
_a
eng
080
_a
82
100
_a
22
101
_a
GJL
245
_a
THE CRITIQUE OF PURE REASON
_c
KANT,I
942
_2
udc
_c
BK
999
_c
20077
_d
20077